000
00342 a2200157 4500
001
sjds
003
sjds
005
20250120125703.0
008
250120b |||||||| |||| 00| 0 spa d
020
_a
9781931398145
040
_c
sjds
041
_a
spa
100
_a
Rosa Mendoza, Gladys
245
_a
Carros camiones y aviones
942
_c
BK
999
_c
12806
_d
12806